000 00250nam a2200097Ia 4500
008 231107s2003 xx 000 0 und d
041 _aeng
100 _aTaylor L.
245 _aDesign & Decorate Living Rooms
260 _aLondon
_bNew Holland pub.
_c2003
999 _c925897
_d925897